Essential grammar in use: a self-study reference and practice book for elementary students of english, with answers

Wedi'i Gadw mewn:
Manylion Llyfryddiaeth
Prif Awdur: Murphy, Raymond (Awdur)
Fformat: Llyfr
Iaith:Saesneg
Cyhoeddwyd: Nueva York Cambridge University Press 1997
Rhifyn:2a. ed
Pynciau:
Tagiau: Ychwanegu Tag
Dim Tagiau, Byddwch y cyntaf i dagio'r cofnod hwn!

MARC

LEADER 00000nam a2200000 a 4500
001 UCJ0086
003 CL-VaPUC
008 060623e19970000US |||||||||||||||||eng|d
020 |a 0521529328 
082 0 4 |a 425  |b MUR  |2 21 
100 |a Murphy, Raymond  |e author  |9 558575 
245 1 0 |a Essential grammar in use: a self-study reference and practice book for elementary students of english, with answers 
250 |a 2a. ed 
300 |a 300 p 
942 |c BK 
945 |d 20060623 00:00:00  |a jtorresc 
260 |a Nueva York  |b Cambridge University Press  |c 1997 
500 |a Incluye un CD-ROM 
650 7 |a INGLES GRAMATICA  |2 CL-VaPUC  |9 313180 
650 0 |a Inglés  |9 260023 
583 |a last modification  |c 20130305 01:25:13  |k Rodrigo Vera 
999 |c 317070  |d 317068 
952 |0 0  |1 0  |4 0  |6 425_000000000000000_MUR_1997  |7 0  |8 R  |9 392817  |a BIBEDU  |b BIBEDU  |c MCIRC  |d 2019-11-22  |i 424561K  |l 2  |m 1  |o 425 MUR 1997  |p 424561K  |r 2023-12-20  |s 2023-12-15  |w 2019-11-22  |y BK_R  |k LIT 
952 |0 0  |1 0  |4 0  |6 425_000000000000000_MUR_1997  |7 0  |8 R  |9 392818  |a BIBEDU  |b BIBEDU  |d 2019-11-22  |i 4245628  |o 425 MUR 1997  |p 4245628  |r 2023-01-13  |w 2019-11-22  |y BK_R  |k LIT 
952 |0 0  |1 0  |4 0  |6 425_000000000000000_MUR_1997  |7 0  |8 R  |9 392819  |a BIBEDU  |b BIBEDU  |d 2019-11-22  |i 4245636  |o 425 MUR 1997  |p 4245636  |r 2023-01-13  |w 2019-11-22  |y BK_R  |k LIT 
952 |0 0  |1 0  |4 0  |6 425_000000000000000_MUR_1997  |7 0  |8 R  |9 392820  |a BIBEDU  |b BIBEDU  |d 2019-11-22  |i 4245644  |o 425 MUR 1997  |p 4245644  |r 2023-01-13  |w 2019-11-22  |y BK_R  |k LIT 
952 |0 0  |1 0  |4 0  |6 425_000000000000000_MUR_1997  |7 0  |8 R  |9 392821  |a BIBEDU  |b BIBEDU  |c MCIRC  |d 2019-11-22  |i 4245652  |l 1  |o 425 MUR 1997  |p 4245652  |r 2025-03-31  |s 2025-03-27  |w 2019-11-22  |y BK_R  |k LIT